Responses for Show #8791 - Monday, January 23, 2023

Troy Meyer game 3.

Contestants

[<< previous game]

Anne Faircloth, a farmer from Clinton, North Carolina

Duncan Bowling, an ICU nurse manager from Washington, D.C.

Troy Meyer, a music executive from Tampa, Florida (whose 2-day cash winnings total $62,600)

[next game >>]

Jeopardy! Round responses

CITY NAME CHANGES
THE OSCAR-WINNING FORMULA
(Ken: You'll name the film that won Best Picture.)
MEDICATIONS
"SIDE" EFFECTS
CHESS PAINS
BOATING AFTER MEALS
    $200 15
Phoenix

Anne
    $200 28
(Anne: Uh, what is, uh...)

Forrest Gump

TroyAnne
    $200 5
aspirin

Anne
    $200 17
(Duncan: What is a... side character?)

a sidekick

TroyDuncan
    $200 19
the king

Troy
    $200 21
the wind

Anne
    $400 18
(Ken: Yes, settled by the Dutch.)

New Amsterdam

Duncan
    $400 27
The Artist

Troy
    $400 6
legs

Anne
    $400 29
a sideboard

Troy
    $400 20
grandmaster

Duncan
    $400 22
the bridge

Duncan
    $3,200 8
Casablanca

Troy
    $600 26
Kramer vs. Kramer

Anne
    $600 7
vitamin D

Troy
    $600 30
a sidewinder

Troy
    $600 12
a drug test

Duncan
    $600 23
anchorage

Troy
    $800 1
Eugene

Troy
    $800 4
(Anne: What is Traffic?)

Crash

DuncanAnne
    $800 14
chemotherapy

Duncan
    $800 3
a sidesaddle

Troy
    $800 9
Bobby Fischer

Troy
    $800 24
personal flotation device

Troy
    $1000 2
Kells

Troy
    $1000 16
It Happened One Night

Troy
    $1000 13
(Ken: Correct, from our ICU nurse manager.)
(Duncan: I should know that, yeah.)

Parkinson's

Duncan
    $1000 11
(Anne: What are his legs?)
...
(Ken: I don't know what Penn thinks about running with unshaved legs, maybe they're all for it.)

his sideburns

TroyAnne
    $1000 10
(Hans) Niemann

Troy
    $1000 25
a dinghy

Duncan

Scores at the first commercial break (after clue 15):

Troy Duncan Anne
$9,200 $3,200 -$1,000

Scores at the end of the Jeopardy! Round:

Troy Duncan Anne
$13,600 $5,200 -$400

Double Jeopardy! Round responses

AFGHANISTAN & PAKISTAN
NOW THAT'S NOVEL
POTENT "P"OTABLES
TV CONNECTORS
WORDS OF PEACE
HEY... WHERE'D YA GO?
    $400 25
K2

Troy
    $400 1
The Lion, the Witch and the Wardrobe

Duncan
    $400 2
piƱa colada

Duncan
    $400 28
Game

Duncan
    $400 30
shalom

Troy
    $400 26
Alcatraz

Troy
    $800 23
cricket

Troy
    $800 6
David Copperfield

Troy
    $800 3
(Troy: What is Paloma?)

a pink lady

Troy
Triple Stumper
    $800 29
Money

Troy
    $800 24
concord

Troy
    $800 27
Roanoke

Troy
    $1200 8
a shah

Troy
    $1200 11
Alex Cross

Troy
    $1200 4
a porter

Troy
    $1200 17
Cop

Triple Stumper
    $5,000 18
armistice

Duncan
    $5,000 19
(Duncan: Who is Cook?)

Henry Hudson

Duncan
    $1600 7
poppies

Troy
    $1600 10
(Ken: The Reivers is the novel.)

William Faulkner

Troy
    $1600 13
(Anne: What is Van Winkle?)

Pappy Van Winkle

DuncanAnne
    $1600 15
Wolf

Duncan
    $1600 20
serene

Troy
    $1600 21
Mexico

Troy
    $2000 5
the Arabian Sea

Anne
    $2000 9
Virginia Woolf

Troy
    $2000 14
a pisco sour

Duncan
    $2000 16
(Ken: Favorites of my kids, JoJo's Bizarre [*] and [*] Time.)

Adventure

Triple Stumper
    $2000 12
the Pax Romana

Duncan
    $2000 22
D.B. Cooper

Troy

Scores at the end of the Double Jeopardy! Round:

Troy Duncan Anne
$32,000 $13,600 $0
(lock game)

[wagering suggestions for these scores]

Final Jeopardy! Round responses

ASTRONOMY & GEOGRAPHY
(Ken: At the winter solstice, the Sun is overhead at noon as far south as the Tropic of [*].)
DuncanWhat is Capricorn?
$2,500
TroyWhat is Capricorn
$3,000
Capricorn

Final scores:

Troy Duncan Anne
$35,000 $16,100 $0
3-day champion: $97,600 2nd place: $2,000 3rd place: $1,000

Game dynamics:

Coryat scores:

Troy Duncan Anne
$29,400 $14,800 $0
34 R
(including 1 DD),
1 W
16 R
(including 1 DD),
2 W
(including 1 DD)
6 R,
4 W

Combined Coryat: $44,200

[game clues] [game scores] [suggest correction]

Game tape date: 2022-12-06
The J! Archive is created by fans, for fans. Scraping, republication, monetization, and malicious use prohibited; this site may use cookies and collect identifying information. See terms. The Jeopardy! game show and all elements thereof, including but not limited to copyright and trademark thereto, are the property of Jeopardy Productions, Inc. and are protected under law. This website is not affiliated with, sponsored by, or operated by Jeopardy Productions, Inc. Join the discussion at JBoard.tv.